| 000 | 01576nam a22002537a 4500 | ||
|---|---|---|---|
| 001 | 9148 | ||
| 003 | FISKH | ||
| 005 | 20251126082718.0 | ||
| 008 | 251126b cb ||||| |||| 00| 0 eng d | ||
| 020 | _a9789995001933 | ||
| 040 |
_aFISKH _bkhr _cFISKH _dFISKH |
||
| 082 | _a510 | ||
| 100 | _aSomony, Ouk | ||
| 245 |
_aគណិតវិទ្យា ថ្នាក់ទី១ / _cគណះកម្មការនិពន្ធ លោកស្រី អ៊ុក សុមនី , លោក ព្រំ វិបុល , លោក ព្រំ ងួន , លោកស្រី អន នីថា និង លោក ប៊ូ ដន |
||
| 260 |
_aភ្នំពេញ : _bគ្រឹះស្ថានបោះពុម្ពនិងចែកផ្សាយ , _c២០២២ . |
||
| 300 |
_a92 pages : _billustrations ; _c25 cm . |
||
| 520 | _aសៀវភៅគណិតវិទ្យាសម្រាប់សិស្សថ្នាក់ទី១ថ្មីនេះ រួមមាន៥ផ្នែក សិក្សាអំពី ចំនួន រង្វាស់រង្វាល់ ធរណីមាត្រ ស្ថិតិ និង លំនាំគំរូ ។ | ||
| 520 | _a“This new Grade 1 mathematics book contains five sections covering Numbers, Measurement, Geometry, Statistics, and Patterns.” | ||
| 650 |
_aការរាប់លេខ _vគណិតវិទ្យា |
||
| 650 |
_aCounting numbers _vMathematics |
||
| 700 |
_aCheat, Ton _eIllustrator |
||
| 942 |
_2ddc _cKHB _n0 |
||
| 999 |
_c9148 _d9148 |
||